000 00523nam a2200181Ia 4500
001 21300
005 20260306172909.0
008 260306t2005||||xx |||||||||||||| ||spa||
041 _aESP
082 _a344.525
_bG26
100 _aGarcía Cavero, Percy [1970-...]
_eAUT
245 0 _aFraude en la administración de personas jurídicas y delitos contra la confianza y la buena fe en los negocios
260 _c2005
300 _a306 páginas :
_c21 cm.
650 _aGEN
654 _aCDE
942 _cLIB
_dJUS
_fJUS
_2ddc
_n
999 _c21300
_d21300